Quo vadis - karbapenémy (imipeném a meropeném)?

Bibliographic Details
Main Authors: Blahová, Jana (Author), Králiková, Kvetoslava (Author), Krčméry, Vladimír, 1931-2014 (Author), Menkyna, Radko, 1926-2012 (Author)
Format: Article
Language:Slovak
ISSN:1335-5090
Subjects:

MARC

LEADER 00000nab a2200000 a 4500
001 vtls000856712
003 SK-MaSNL
005 20260304131713.0
008 250429c2003 xo 0 slo
015 |a SNBRB2003/12-ccccc 
035 |a CLN000208367 
035 |a urn:nbn:sk:snk-ab6y1a 
035 |a (uuid)7033752e-530c-449e-a70e-75cca8a61ecb 
035 |a (urnnbn)urn:nbn:sk:snk:ar-a067pz 
035 |a (sysno)vtls000856712 
040 |a SNKBUCL  |b slo  |c SNKBUCL  |e AACR2 
041 0 |a slo 
044 |a xo  |c SK 
080 |a 615.33:615.015.8  |2 1997 
245 0 0 |a Quo vadis - karbapenémy (imipeném a meropeném)?  |c Jana Blahová ... [et al.] 
246 1 1 |a Quo vadis - carbapenems (imipenem and meropenem)? 
504 |a Res. angl., slov. 
504 |a Bibliogr. odkazy 
650 0 7 |a antimikrobiálna rezistencia  |2 MESH  |9 78797 
650 0 7 |a karbapenémy  |2 MESH  |9 23667 
650 0 7 |a imipeném  |2 MESH  |9 917462 
650 0 7 |a mnohopočetná lieková rezistencia  |2 MESH  |9 20692 
650 0 7 |a meropeném (liek)  |2 snkbucl  |9 852539 
655 7 |a články z novín a časopisov  |2 snkbucl  |9 267496 
700 1 |a Blahová, Jana  |4 aut  |9 472974 
700 1 |a Králiková, Kvetoslava  |4 aut  |9 472975 
700 1 |a Krčméry, Vladimír,  |d 1931-2014  |4 aut  |9 175351 
700 1 |a Menkyna, Radko,  |d 1926-2012  |4 aut  |9 190070 
773 0 |t Revue ošetrovateľstva a laboratórnych metodík  |g Roč. 9, č. 3 (2003), s. 47-48  |x 1335-5090 
850 |a Slovenská národná knižnica 
852 |a Slovenská národná knižnica 
954 |a odborná, vedecká literatúra pôvodná (slovenská)  |2 lita 
958 |a article2022 
958 |a MI 
958 |a NB 
958 |a OND 
958 |a EUIPO 
999 |c 2897483  |d 2899413